| 000 | 00349nam a2200133 a 4500 | ||
|---|---|---|---|
| 005 | 20240413063708.0 | ||
| 008 | 030611s2000 mx r 000 0 spa d | ||
| 035 | _aUPN01000125381 | ||
| 049 | _aSEP | ||
| 050 | 4 |
_aF1208 _bS5.3 1981 |
|
| 100 | 1 |
_aSierra, Justo, _d1848-1912 _928551 |
|
| 245 | 1 | 0 | _aEvolución política del pueblo mexicano |
| 905 | _aLibro | ||
| 999 |
_c97560 _d97560 |
||